Responses for show #4252 - Tuesday, February 11, 2003

2003 Teen Tournament semifinal game 2.

Contestants

Shuyu Wang, a junior from Okemos, Michigan

Russell Berris, a junior from Baton Rouge, Louisiana

Tyler Allard, a senior from Garrett Park, Maryland

Jeopardy! Round responses

WRITERS
NEW COACHING SIGNS
INSECTS
TV TEENS
TALLEST, LONGEST, WIDEST, DEEPEST
DOUBLE TALK
    $200 7
Edgar Allan Poe

Tyler
    $200 18
pepper

Russell
    $200 26
(Russell: What is the pupa?)

larva

RussellShuyu
    $200 1
(Shuyu: What is "Buffy the Vampire Slayer?")

Angel

Shuyu
Triple Stumper
    $200 11
ostrich

Tyler
    $200 12
Knock knock

Russell
    $400 8
Cervantes

Tyler
    $400 19
hoe

Tyler
    $400 27
mosquito

Tyler
    $400 2
Smallville

Tyler
    $400 17
(Russell: What is the Missouri?)

Mississippi River

TylerRussell
    $400 13
Peter Peter

Russell
    $1,400 6
Ernest Hemingway

Tyler
    $600 20
Doom

Russell
    $600 28
praying mantis

Triple Stumper
    $600 3
24

Russell
    $600 23
7 & 10

Russell
    $600 14
Ya-Ya

Shuyu
    $800 9
F. Scott Fitzgerald

Tyler
    $800 21
rook

Russell
    $800 29
woolly bear

Triple Stumper
    $800 4
The Bernie Mac Show

Russell
    $800 24
(1 of 3) Massachusetts, North Carolina or South Carolina

Tyler
    $800 15
Water water

Tyler
    $1000 10
Fyodor Dostoyevsky

Shuyu
    $1000 22
curling

Russell
    $1000 30
Mediterranean fruit fly

Triple Stumper
    $1000 5
American Dreams

Tyler
    $1000 25
Caribbean Sea

Tyler
    $1000 16
Bora Bora

Russell

Scores at the first commercial break (after clue 16):

Tyler Russell Shuyu
$5,200 $3,000 $1,400

Scores at the end of the Jeopardy! Round:

Tyler Russell Shuyu
$8,200 $5,600 $1,600

Double Jeopardy! Round responses

1776
(Alex: An important date.)
POTPOURRI
U.S. SPANISH PLACE NAMES
MOVIE DUDES SPEAK
(Alex: You have to name the character who uttered the line.)
YOU GLOW!
OXYMORONS
    $400 1
Buenos Aires

Tyler
    $400 8
exclamation mark

Tyler
    $400 24
Las Vegas

Russell
    $400 2
the Grinch

Tyler
    $400 27
glow-in-the-dark

Russell
    $400 26
maybe

Tyler
    $800 4
try men's souls

Tyler
    $800 19
Rockefeller Center

Tyler
    $800 25
San Antonio

Tyler
    $800 3
Harry Potter

Shuyu
    $800 28
lighthouse

Russell
    $800 22
Living Dead

Tyler
    $1200 5
submarine

Shuyu
    $1200 16
crop circles

Triple Stumper
    $1200 9
Colorado

Shuyu
    $1200 12
Frodo

Tyler
    $1200 30
(Tyler: What is a shark?)

fish

Tyler
Triple Stumper
    $1200 20
sweet sorrow

Shuyu
    $3,600 6
(Shuyu: What is the Baryshnikov?)

Bolshoi

Shuyu
    $1600 17
sunflower

Shuyu
    $1600 10
Sierra Nevadas

Tyler
    $1600 13
Spider-Man

Tyler
    $2,500 23
(Tyler: What is Neon?)

DayGlo

Tyler
    $1600 15
(Tyler: What is a whisper?)

silence

TylerShuyu
    $2000 7
Father Junipero Serra

Triple Stumper
    $2000 18
(Shuyu: What is pressure?)
....
(Alex: [before clue 23] Shuyu, our judges have ruled that although you didn't give us what we were going for 100%, your response was not really wrong, so they can't rule you wrong; so we're refunding the money & giving you $2000 more.)

weight

RussellShuyu
    $2000 11
Dry Tortugas

Russell
    $2000 14
Shrek

Tyler
    $2000 29
Federal Highway Administration

Shuyu
    $2000 21
intelligence

Tyler

Scores at the end of the Double Jeopardy! Round:

Tyler Russell Shuyu
$16,100 $11,200 $9,600

[wagering suggestions for these scores]

Final Jeopardy! Round responses

FICTIONAL CHARACTERS
(Alex: I'm looking at the parents in the audience; the mothers are smiling, the dads are sweating and you know why!)
ShuyuWhat are dwarves?
$9,600
RussellWhat are donkeys?
$8,001
TylerWhat are Donkeys
$6,301
donkeys

Final scores:

Tyler Russell Shuyu
$22,401 $19,201 $0
Finalist 2nd place: $5,000 3rd place: $5,000

Game dynamics:

Coryat scores:

Tyler Russell Shuyu
$17,800 $11,200 $13,200
26 R
(including 1 DD),
3 W
(including 1 DD)
15 R,
2 W
11 R,
2 W
(including 1 DD)

Combined Coryat: $42,200

The J! Archive is created by fans, for fans. The Jeopardy! game show and all elements thereof, including but not limited to copyright and trademark thereto, are the property of Jeopardy Productions, Inc. and are protected under law. This website is not affiliated with, sponsored by, or operated by Jeopardy Productions, Inc. Join the discussion at JBoard.tv.